Statistics for Flags of countries/territories...(shuffled)

Click here to take the quiz!

General Stats

  • This quiz has been taken 12 times
  • The average score is 178 of 243

Answer Stats

Answer% Correct
Slovakia
100%
South Africa
100%
Antigua and barbuda
90%
Benin
90%
Central african republic
90%
Cook Islands
90%
Nepal
90%
Norway
90%
Spain
90%
United Arab Emirates
90%
United Kingdom
90%
United States
90%
Albania
80%
Algeria
80%
Andorra
80%
Angola
80%
Argentina
80%
Armenia
80%
Australia
80%
Austria
80%
Azerbaijan
80%
Bangladesh
80%
Barbados
80%
Belarus
80%
Belgium
80%
Bhutan
80%
Bosnia and herzegovina
80%
Brazil
80%
Bulgaria
80%
Cambodia
80%
Canada
80%
Chile
80%
China
80%
Colombia
80%
Croatia
80%
Cuba
80%
Cyprus
80%
Czech Republic
80%
Denmark
80%
Dominica
80%
D.R. Congo
80%
Ecuador
80%
Egypt
80%
El Salvador
80%
Estonia
80%
Ethiopia
80%
Fiji
80%
Finland
80%
France
80%
Gabon
80%
Georgia
80%
Germany
80%
Ghana
80%
Greece
80%
Greenland
80%
Honduras
80%
Hong Kong
80%
Hungary
80%
Iceland
80%
India
80%
Indonesia
80%
Iran
80%
Iraq
80%
Ireland
80%
Isle of Man
80%
Israel
80%
Italy
80%
Ivory Coast
80%
Jamaica
80%
Japan
80%
Kazakhstan
80%
Kenya
80%
Kosovo
80%
Kuwait
80%
Kyrgyzstan
80%
Latvia
80%
Lebanon
80%
Liberia
80%
Libya
80%
Liechtenstein
80%
Lithuania
80%
Luxembourg
80%
Malaysia
80%
Mali
80%
Malta
80%
Mexico
80%
Moldova
80%
Monaco
80%
Mongolia
80%
Morocco
80%
Myanmar
80%
Nauru
80%
Netherlands
80%
New Zealand
80%
Nicaragua
80%
Nigeria
80%
Northern Cyprus
80%
North Korea
80%
North Macedonia
80%
Pakistan
80%
Panama
80%
Papua New Guinea
80%
Paraguay
80%
Peru
80%
Philippines
80%
Poland
80%
Portugal
80%
Qatar
80%
Romania
80%
Russia
80%
San Marino
80%
Saudi Arabia
80%
Senega
80%
Serbia
80%
Singapore
80%
Slovenia
80%
Somalia
80%
South Korea
80%
Sri Lanka
80%
Suriname
80%
Sweden
80%
Switzerland
80%
Syria
80%
Taiwan
80%
Tanzania
80%
Thailand
80%
Togo
80%
Tonga
80%
Trinidad and Tobago
80%
Tunisia
80%
Turkey
80%
Uganda
80%
Ukraine
80%
Uruguay
80%
Uzbekistan
80%
Vatican
80%
Venezuela
80%
Vietnam
80%
Abkhazia
70%
Afghanistan
70%
Anguilla
70%
Bahamas
70%
Bahrain
70%
Belize
70%
Bolivia
70%
Botswana
70%
British Virgin Islands
70%
Brunei
70%
Burkina faso
70%
Chad
70%
Comoros
70%
Costa Rica
70%
Djibouti
70%
Dominican Republic
70%
Eritrea
70%
Eswatini
70%
Faroe Islands
70%
French Polynesia
70%
F.S. Micronesia
70%
Gambia
70%
Gibraltar
70%
Grenada
70%
Guyana
70%
Haiti
70%
Kiribati
70%
Laos
70%
Lesotho
70%
Malawi
70%
Maldives
70%
Mauritania
70%
Mayotte
70%
Montenegro
70%
Montserrat
70%
Mozambique
70%
Namibia
70%
Niger
70%
Palau
70%
Palestine
70%
Puerto Rico
70%
Rep. of the Congo
70%
Rwanda
70%
Samoa
70%
Seychelles
70%
Somaliland
70%
South Sudan
70%
St. Kitts and Nevis
70%
St. Lucia
70%
St. Vincent and the Grenadines
70%
Sudan
70%
Tajikistan
70%
Turkmenistan
70%
Tuvalu
70%
U.S. Virgin Islands
70%
Vanuatu
70%
Yemen
70%
Zambia
70%
Zimbabwe
70%
American Samoa
60%
Artsakh
60%
Aruba
60%
Burundi
60%
Cameroon
60%
Cape-verde
60%
Channel Islands
60%
Christmas Island
60%
Curacao
60%
East Timor
60%
Equatorial Guinea
60%
Falkland Islands
60%
French Guiana
60%
Guadeloupe
60%
Guam
60%
Guatemala
60%
Guinea-Bissau
60%
Jordan
60%
Madagascar
60%
Martinique
60%
Mauritius
60%
New Caledonia
60%
Niue
60%
Oman
60%
Sao Tome and Principe
60%
Solomon Islands
60%
St Helena
60%
Transnistria
60%
Turks and Caicos
60%
Bermuda
50%
Cocos (Keeling) Islands
50%
Guinea
50%
Macao
50%
Marshall Islands
50%
Northern Mariana Islands
50%
Reunion
50%
Saint Pierre and Miquelon
50%
Sierra Leone
50%
Sint Maarten
50%
Tokelau
50%
Wallis and Futuna
50%
Aland Islands
40%
Cayman Islands
40%
South Ossetia
40%
Sahrawi Arab Democratic Republic
30%
Carribean Netherlands
20%

Score Distribution

Percentile by Number Answered

Percent of People with Each Score

Your Score History

You have not taken this quiz